Spanish Book Titles Quiz Stats

 Plays Quiz not verified by Sporcle

Challenge
Share
Tweet
Embed
Score 0/30 Timer 07:00
0 Plays Today
Spanish Book Translation % Correct
Orgullo y PrejuicioPride and Prejudice
85.4%
Los Tres MosqueterosThe Three Musketeers
80.7%
De Ratones y HombresOf Mice and Men
79.2%
Guerra y PazWar and Peace
76%
Crimen y CastigoCrime and Punishment
74%
La Letra EscarlataThe Scarlet Letter
69.3%
Un Cuento de Dos CiudadesA Tale of Two Cities
66.1%
Cien Años de SoledadOne Hundred Years of Solitude
66.1%
El Viejo y el MarThe Old Man and the Sea
66.1%
Las Uvas de la IraThe Grapes of Wrath
65.6%
Adiós a las ArmasA Farewell to Arms
65.1%
Pasaje a la IndiaA Passage to India
62%
El Paraiso PerdidoParadise Lost
61.5%
El Halcón MaltésThe Maltese Falcon
57.3%
El Ruido y la FuriaThe Sound and the Fury
55.7%
Spanish Book Translation % Correct
La Isla del TesoroTreasure Island
55.2%
Matadero CincoSlaughterhouse-Five
45.3%
Señor de las MoscasLord of the Flies
45.3%
Matar un RuiseñorTo Kill a Mockingbird
41.7%
El Corazón de las TinieblasHeart of Darkness
37.5%
Sin Novedad en El FrenteAll Quiet on the Western Front
35.4%
Los Desnudos y los MuertosThe Naked and the Dead
31.8%
La Llamada de lo SalvajeThe Call of the Wild
30.2%
Un Mundo FelizBrave New World
25%
Rebelión en la GranjaAnimal Farm
22.4%
El Guardián entre el CentenoThe Catcher in the Rye
13%
Cometas en el CieloThe Kite Runner
6.8%
Cumbres BorrascosasWuthering Heights
6.8%
Otra Vuelta de TuercaThe Turn of the Screw
6.3%
FiestaThe Sun Also Rises
4.7%

You're not logged in!

Compare scores with friends on all Sporcle quizzes.
OR
Log In

You Might Also Like...

Show Comments

Extras

Top Quizzes Today


Score Distribution

Your Account Isn't Verified!

In order to create a playlist on Sporcle, you need to verify the email address you used during registration. Go to your Sporcle Settings to finish the process.

Report this User

Report this user for behavior that violates our Community Guidelines.

Details: